000 00276nam a22001097a 4500
082 _a530 SEA'C
100 _aZEMANSKY, M. W,SEARS, F. W
_959768
245 _aCOLLEGE PHYSICS MECHANICS HEAT AND SOUND
260 _aNEWYORK
_bADDISON WESLEY
_c1952
300 _a418P
942 _cBK
999 _c569663
_d569663